000 00626nam a22002057a 4500
005 20251108172930.0
008 250721s1992 xx 000 0 ara d
082 1 4 _aط/910.45/هول
100 1 _aهولدن، رايموند
_eمؤلف
245 1 0 _aبعض البعثات العلمية الشهيرة /
250 _aط6.
264 1 _aالقاهرة :
_bدار المعارف،
_c1992.
300 _a123ص.
490 0 _aكل شىء عن
_v17
650 1 7 _aالجغرافيا
650 1 7 _aالرحلات الجغرافية
653 _aناشئون صغار (10-14) سنة
942 _2ddc
_cBK
999 _c92155
_d92155